Derechos de las personas mayores.
Gardado en:
| Autor Principal: | |
|---|---|
| Formato: | Unknown |
| Idioma: | inglés |
| Publicado: |
Santiago, Chile:
DER Ediciones,
2024.
|
| Edición: | Primera edición. |
| Series: | Cuadernos Jurídicos de la Academia Judicial.
|
| Subjects: | |
| Tags: |
Engadir etiqueta
Sen Etiquetas, Sexa o primeiro en etiquetar este rexistro!
|
MARC
| LEADER | 00000 a2200000 4500 | ||
|---|---|---|---|
| 003 | CL-VaPUC | ||
| 005 | 20250225103432.0 | ||
| 008 | 240426t2024 ||||| |||| 00| 0 eng d | ||
| 999 | |c 443619 |d 443617 | ||
| 020 | |a 9789564051802 | ||
| 040 | |c Pontificia Universidad Católica de Valparaíso | ||
| 082 | |2 22 |a 341.48574 ARE 2024 | ||
| 100 | |a Arenas Paredes, Jessica Alejandra |9 771983 |e autora | ||
| 245 | |a Derechos de las personas mayores. | ||
| 250 | |a Primera edición. | ||
| 260 | |a Santiago, Chile: |b DER Ediciones, |c 2024. | ||
| 300 | |a 210 páginas. | ||
| 490 | |a Cuadernos Jurídicos de la Academia Judicial. | ||
| 583 | |k GC |c 20240426 | ||
| 650 | 0 | |9 882098 |a Adultos mayores |x Derechos humanos y fundamentales |z Chile | |
| 650 | 0 | |a Envejecimiento |x Políticas políticas |z Chile |9 888650 | |
| 650 | 0 | |a Vejez |x Aspectos legislativos |z Chile |9 307287 | |
| 942 | |2 ddc |c BK | ||
| 952 | |0 0 |1 0 |2 ddc |4 0 |6 341_485740000000000_ARE_2024 |7 0 |8 A |9 594247 |a BIBDER |b BIBDER |d 2024-04-25 |e 22 |g 28366.03 |i 5660904 |l 5 |m 4 |o 341.48574 ARE 2024 |p 5660904 |r 2025-05-05 |s 2025-04-14 |t 1 |v 28366.03 |w 2024-04-25 |y BK |k DER | ||